000 01015nam a2200205 i 4500
001 101886
003 ES-MaACL
005 20230906183013.0
007 t|
008 051026s1913 fr ||||1| fre d
100 1 _aMénard, René.
_980075
245 1 0 _aVie privée des anciens /
_cpar René Ménard et Claude Sauvageot.
250 _aNouvelle édition
_bpubliée par Edouard Rouveyre.
260 _aLagny :
_b[s.n.],
_c1913 (
_fE. Grevin)
300 _a8 v. ;
_c20 cm.
505 8 _aContiene: Les peuples dans l'antiquité. V.I.-- L'Egypte et l'Asie V.II.-- La Grèce. L'Italie. La famille dans l'antiquité V.III.-- Constitution de la famille V.IV.-- Le vêtement. L'habitation. Le travail dans l'antiquité V.V.-- Agriculture. Industrie V.VI.-- Architecture. Beaux_Arts. Les institutions de l'antiquité V.VII.-- Education. Institutions civiles V.VIII.-- Guerre. Institutions religieuses
700 1 _aSauvageot, Claude.
_9104031
700 1 _aRouveyre, Edouard.
_9100095
852 _aES-MaACL
_jF-1547-54
999 _c101886
_d101886